[Event "Vientiane op"]
[Site "Vientiane"]
[Date "2018.12.22"]
[Round "8"]
[White "Tan, Yong Xi Rey Matthew"]
[Black "Nattaky, Insesuphun"]
[Result "1-0"]
[WhiteElo "1257"]
[BlackElo "1344"]
[PlyCount "48"]
[EventDate "2018.12.18"]
[EventType "swiss"]
[EventRounds "9"]
[EventCountry "LAO"]
[SourceTitle "CBM 187 Extra"]
[Source "ChessBase"]
[SourceDate "2018.11.04"]
[SourceVersion "1"]
[SourceVersionDate "2018.11.04"]
[SourceQuality "1"]

1. d4 e6 2. Nf3 d5 3. Bf4 h6 4. h3 a6 5. e3 Nc6 6. Nbd2 Bd6 7. Bxd6 Qxd6 8. c3 b5 9. a3 Nge7 10. Bd3 Na5 11. 0-0 Nc4 12. Rb1 Bd7 13. e4 f6 14. Qe2 0-0-0 15. Rfe1 Ng6 16. e5 fxe5 17. dxe5 Qb6 18. Nxc4 dxc4 19. Bxg6 Bc6 20. Nd4 Ba8 21. Be4 Bd5 22. Bxd5 Rxd5 23. Qg4 Kb8 24. Qxe6 Qb7 1-0

[Event "Laos op"]
[Site "Vientiane"]
[Date "2018.01.04"]
[Round "3"]
[White "Samatthanan, Jirath"]
[Black "Tan, Yong Xi Rey Matthew"]
[Result "0-1"]
[WhiteElo "1032"]
[BlackElo "1081"]
[PlyCount "90"]
[EventDate "2018.01.03"]
[EventType "swiss"]
[EventRounds "9"]
[EventCountry "LAO"]
[SourceTitle "CBM 182 Extra"]
[Source "ChessBase"]
[SourceDate "2018.02.23"]
[SourceVersion "1"]
[SourceVersionDate "2018.02.23"]
[SourceQuality "1"]

1. e4 c6 2. d4 d5 3. exd5 cxd5 4. Nf3 Nf6 5. Nc3 a6 6. Bd3 Bg4 7. 0-0 Nc6 8. Be3 e6 9. h3 Bh5 10. Be2 Bb4 11. Bf4 0-0 12. Ne5 Nxe5 13. Bxe5 Bg6 14. a3 Bxc3 15. bxc3 Rc8 16. Bd3 Rxc3 17. Bxg6 hxg6 18. Rb1 b5 19. Rb3 Rc4 20. Rb4 Rc6 21. f3 Nd7 22. Bf4 Qc8 23. Rf2 Rc3 24. Rb3 Nb6 25. Bd6 Rd8 26. Rxc3 Qxc3 27. Bc5 Na4 28. Bb4 Qc4 29. Qb1 Qxd4 30. Qc1 Nc3 31. Qg5 Rc8 32. Bxc3 Qxc3 33. Kh1 Qe1+ 34. Rf1 Qxf1+ 35. Kh2 Qc4 36. f4 Qxc2 37. Kh1 Qc1+ 38. Kh2 Qxa3 39. Kh1 Qc1+ 40. Kh2 b4 41. Kg3 b3 42. Kh2 b2 43. Kg3 b1Q 44. Kh2 Qh1+ 45. Kg3 f6 0-1

[Event "Laos op"]
[Site "Vientiane"]
[Date "2018.01.03"]
[Round "1"]
[White "Wiwatanadate, Poompong"]
[Black "Tan, Yong Xi Rey Matthew"]
[Result "1-0"]
[WhiteElo "1992"]
[BlackElo "1081"]
[PlyCount "137"]
[EventDate "2018.01.03"]
[EventType "swiss"]
[EventRounds "9"]
[EventCountry "LAO"]
[SourceTitle "CBM 182 Extra"]
[Source "ChessBase"]
[SourceDate "2018.02.23"]
[SourceVersion "1"]
[SourceVersionDate "2018.02.23"]
[SourceQuality "1"]

1. e4 c6 2. Nf3 d5 3. Nc3 Bg4 4. h3 Bh5 5. exd5 cxd5 6. g4 Bg6 7. Ne5 a6 8. d4 Nd7 9. Nxg6 hxg6 10. Nxd5 e6 11. Ne3 Ngf6 12. Bg2 Qc7 13. Bd2 Be7 14. Qf3 Rb8 15. 0-0-0 0-0 16. Bf1 Rbc8 17. Bd3 e5 18. g5 exd4 19. gxf6 dxe3 20. fxe7 exd2+ 21. Rxd2 Rfe8 22. Qd5 Ne5 23. Be4 Rxe7 24. Qd6 Nc4 25. Qxc7 Rexc7 26. Rd4 Re8 27. Rhd1 b5 28. b3 Ne5 29. Rd8 Rce7 30. Rxe8+ Rxe8 31. f4 f5 32. Bb7 Rb8 33. Bxa6 Nc6 34. c4 bxc4 35. Bxc4+ Kh7 36. Rd6 Nb4 37. a3 Rb7 38. axb4 Rxb4 39. Kc2 Kh6 40. Kc3 Rb8 41. Be2 Kh7 42. b4 Rc8+ 43. Kb3 Re8 44. Bc4 Re3+ 45. Rd3 Re4 46. Rf3 Kh6 47. Bd3 Re6 48. b5 Rf6 49. Kc4 Kh5 50. Kc5 Kh6 51. b6 Rf7 52. Bc4 Re7 53. Bd5 g5 54. Kd6 Re8 55. b7 Rd8+ 56. Kc7 Rxd5 57. b8Q g4 58. Rg3 Kg6 59. hxg4 fxg4 60. Rxg4+ Kf5 61. Rg5+ Ke4 62. Qb7 Kxf4 63. Qxd5 Ke3 64. Rg3+ Kf4 65. Rf3+ Kg4 66. Qe4+ Kg5 67. Rf5+ Kg6 68. Qe6+ Kh7 69. Rh5# 1-0